000 01423nam a2200241Ii 4500
003 JO-AjNU
005 20240625131954.0
008 230605s9999||||xx |||||||||||||| ||und||
040 _aJO-AjNU
_bara
_erda
_cJO-AjNU
041 _aara
050 1 4 _aHG4028 2021
100 1 _aعبدالله، غنوة جمال شحادة
_eمعد
_965663
245 0 0 _aاثر نفقات الدعاية و الاعلان على الدخل النقدي التشغيلي للشركات الخدمية المدرجة في بورصة عمان- طبيعة المستهلك كمتغير معدل=3 محكمة conservation Moniting Center 1 - 2014 Jordan journal of natural history The Impact of Advertising Expenditures on the operating Cash income of Service Companies Listed at ASE -The Nature of the consumer as a Moderating variable /
_cاعداد غنوة جمال شحادة عبدالله؛ اشراف علي عبدالله الزعبي
264 3 1 _a 2021
300 _a98 ورقة
336 _atext
_btxt
_2rdacontent
337 _aunmediated
_bn
_2rdamedia
338 _avolume
_bnc
_2rdacarrier
500 _aرسالة جامعية(اطروحة ماجستير) تخصص المحاسبة/كلية ادارة الاعمال جامعة عجلون الوطنية، 2021
650 4 _a الحل التشغيلي- شركات الخدمات
_961275
700 1 _aالزعبي، علي عبدالله
_965219
_eمشرف
942 _2lcc
_cTHS
999 _c31256
_d31256